000 00685nam a2200289Ia 4500
005 20260324125949.0
008 008 260324s9999 xx 000 0 eng d
020 _a9781003151418
037 _aEBOOK
040 _aCRL
040 _beng
040 _cCRL
041 _2eng
041 _aeng
084 _qCRL
100 _aMichael Frank Hordeski
_91174632
245 0 _aHydrogen & Fuel Cells
245 0 _bAdvances in Transportation and Power
260 _bTaylor and Francis
260 _c2008
365 _a
365 _b250
856 _uhttp://www.taylorfrancis.com/books/9781003151418
942 _cEBOOK
999 _c1775712
_d1775712